[Event "First Saturday 2009 september FM-A"]
[Site "Budapest"]
[Date "2009.09.05"]
[Round "1"]
[White "Hocevar, Nikola"]
[Black "Letay, Gyula"]
[Result "1/2-1/2"]
[WhiteElo "2114"]
[BlackElo "2125"]
[PlyCount "52"]
[EventDate "2009.09.05"]

1. d4 d5 2. Nf3 e6 3. e3 c6 4. Nbd2 f5 5. Ne5 Nf6 6. Bd3 Bd6 7. f4 Qe7 8. b3
Nbd7 9. Bb2 O-O 10. O-O Ne4 11. c4 Nxd2 12. Qxd2 Nf6 13. c5 Bxe5 14. fxe5 Ng4
15. h3 Nh6 16. Qe2 Bd7 17. Bc3 g5 18. Be1 Be8 19. Bg3 Bg6 20. Rf2 Rf7 21. Raf1
Raf8 22. Bh2 Kg7 23. b4 a6 24. a4 g4 25. Bf4 gxh3 26. gxh3 Ng8 1/2-1/2

[Event "First Saturday 2009 september FM-A"]
[Site "Budapest"]
[Date "2009.09.05"]
[Round "1"]
[White "Borda, Lajos"]
[Black "Lakat, Gyula"]
[Result "0-1"]
[WhiteElo "2082"]
[BlackElo "1975"]
[PlyCount "80"]
[EventDate "2009.09.05"]

1. e4 d6 2. d4 Nf6 3. Bd3 Nbd7 4. c3 g6 5. Nd2 Bg7 6. Nf1 c5 7. dxc5 Nxc5 8.
Bc2 Bd7 9. f3 a5 10. Ne2 b5 11. g4 Bc6 12. Nd4 Qc7 13. Nxc6 Qxc6 14. Ng3 h5 15.
g5 Nfd7 16. h4 b4 17. Ne2 Ne6 18. Nd4 Nxd4 19. cxd4 a4 20. d5 Qb5 21. Bd3 Qb6
22. Rb1 O-O 23. Qe2 Bd4 24. Kf1 Ne5 25. Kg2 b3 26. a3 Rfc8 27. Rd1 Nxd3 28.
Qxd3 Rc2+ 29. Kh3 Bg1 30. Bf4 Bf2 31. Rd2 Rac8 32. Rbd1 R8c4 33. Rxc2 Rxc2 34.
Rd2 Qc7 35. Bg3 Qc8+ 36. Kg2 Bb6 37. Bf4 Qc5 38. Rxc2 bxc2 39. Qf1 Qd4 40. Qc1
Qf2+ 0-1

[Event "First Saturday 2009 september FM-A"]
[Site "Budapest"]
[Date "2009.09.05"]
[Round "1"]
[White "Horvath, Kalman"]
[Black "Schenkerik, Csaba"]
[Result "1-0"]
[WhiteElo "2133"]
[BlackElo "2120"]
[PlyCount "69"]
[EventDate "2009.09.05"]

1. g4 d5 2. Bg2 Bxg4 3. c4 c6 4. cxd5 Nf6 5. Qb3 cxd5 6. Qxb7 Nbd7 7. Nc3 Rb8
8. Qxa7 e6 9. d3 Bc5 10. Qa4 Rb4 11. Qc2 Qb6 12. e3 O-O 13. a3 Rb3 14. Nf3 Bxf3
15. Bxf3 d4 16. exd4 Bxd4 17. Nd1 Ne5 18. Be2 Qb7 19. Rg1 Rc8 20. Qd2 Nf3+ 21.
Bxf3 Qxf3 22. Qg5 g6 23. Qg3 Qf5 24. Qf4 Qa5+ 25. Bd2 Qd8 26. Rc1 Rxc1 27. Bxc1
Rxd3 28. Ke2 Rh3 29. Be3 e5 30. Qf5 Rh5 31. Bg5 e4 32. Bxf6 Bxf6 33. Qxh5 Qd3+
34. Ke1 e3 35. Qe2 1-0

[Event "First Saturday 2009 september FM-A"]
[Site "Budapest"]
[Date "2009.09.05"]
[Round "1"]
[White "Havaskori, Laszlo"]
[Black "Yip, Michael"]
[Result "0-1"]
[WhiteElo "2043"]
[BlackElo "2026"]
[PlyCount "87"]
[EventDate "2009.09.05"]

1. d4 Nf6 2. Nf3 d5 3. g3 c6 4. Bg2 Bf5 5. O-O h6 6. Nbd2 e6 7. c4 Be7 8. Qb3
Qb6 9. Qxb6 axb6 10. cxd5 exd5 11. Nh4 Bh7 12. e4 dxe4 13. Bh3 O-O 14. Nc4 Nbd7
15. Nf5 Bxf5 16. Bxf5 Rfe8 17. Bf4 b5 18. Nd2 Bb4 19. Nb3 g5 20. Be3 Rad8 21.
a4 bxa4 22. Rxa4 Nd5 23. Ra7 N7b6 24. Rxb7 Nc4 25. Bc1 Nd6 26. Rxb4 Nxb4 27.
Bh3 f5 28. Rd1 Kg7 29. Nc5 Kf6 30. Bf1 Nb5 31. Be3 Nd5 32. Bc4 Re7 33. Ra1 Ra7
34. Re1 Nd6 35. Bxd5 cxd5 36. Bd2 Rb8 37. Bc3 f4 38. f3 e3 39. Nd3 fxg3 40.
hxg3 Nc4 41. Re2 Ra1+ 42. Kg2 Rd1 43. Nc5 Re8 44. b3 0-1

[Event "First Saturday 2009 september FM-A"]
[Site "Budapest"]
[Date "2009.09.05"]
[Round "1"]
[White "Heyl, Thomas"]
[Black "Zoltan, Andras"]
[Result "1/2-1/2"]
[WhiteElo "2046"]
[BlackElo "1966"]
[PlyCount "44"]
[EventDate "2009.09.05"]

1. d4 d5 2. Nf3 Nf6 3. e3 e6 4. Bd3 c5 5. b3 Nc6 6. O-O Bd6 7. Bb2 cxd4 8. exd4
O-O 9. Nbd2 Nb4 10. Be2 b6 11. a3 Nc6 12. Bd3 Bb7 13. Re1 Re8 14. Ne5 g6 15. f4
Nh5 16. Qf3 Nxe5 17. fxe5 Be7 18. Rf1 Rf8 19. Qh3 Bg5 20. Bc1 Nf4 21. Qg3 Nxd3
22. Qxd3 a5 1/2-1/2

[Event "First Saturday 2009 september FM-A"]
[Site "Budapest"]
[Date "2009.09.06"]
[Round "2"]
[White "Letay, Gyula"]
[Black "Zoltan, Andras"]
[Result "1/2-1/2"]
[WhiteElo "2125"]
[BlackElo "1966"]
[PlyCount "42"]
[EventDate "2009.09.05"]

1. Nf3 d5 2. g3 c5 3. d3 Nc6 4. Nbd2 Nf6 5. c3 e5 6. Qc2 Be7 7. Bg2 Bd7 8. a3
Rc8 9. O-O O-O 10. e4 dxe4 11. dxe4 b5 12. Rd1 Qc7 13. Nf1 Na5 14. b3 c4 15. b4
Nb3 16. Rb1 Nxc1 17. Rbxc1 Bc6 18. Ne1 Rcd8 19. Ne3 Rfe8 20. Nd5 Bxd5 21. exd5
Rd6 1/2-1/2

[Event "First Saturday 2009 september FM-A"]
[Site "Budapest"]
[Date "2009.09.06"]
[Round "2"]
[White "Yip, Michael"]
[Black "Heyl, Thomas"]
[Result "1-0"]
[WhiteElo "2026"]
[BlackElo "2046"]
[PlyCount "77"]
[EventDate "2009.09.05"]

1. d4 d5 2. c4 e6 3. Nc3 Nf6 4. Bg5 Nbd7 5. cxd5 exd5 6. e3 Bb4 7. Bd3 O-O 8.
Qc2 Be7 9. Nge2 Re8 10. O-O c6 11. Rae1 Nf8 12. f3 g6 13. Ng3 Ne6 14. Bh6 Kh8
15. Nce2 Bb4 16. Nc3 Bd6 17. Qd2 Ng8 18. Bf4 Bxf4 19. exf4 Qf6 20. Re5 Bd7 21.
Nce2 Rad8 22. Bc2 Ne7 23. Re1 Ng7 24. Qa5 a6 25. Qb6 Bc8 26. Nc3 Qd6 27. b4 f6
28. R5e2 Ng8 29. Rxe8 Rxe8 30. Rxe8 Nxe8 31. Nge2 Qe7 32. Kf2 Nd6 33. Bd3 Bf5
34. Bxf5 Nxf5 35. Qc5 Qe3+ 36. Ke1 Nh4 37. Kf1 g5 38. Qd6 Nf5 39. fxg5 1-0

[Event "First Saturday 2009 september FM-A"]
[Site "Budapest"]
[Date "2009.09.06"]
[Round "2"]
[White "Schenkerik, Csaba"]
[Black "Havaskori, Laszlo"]
[Result "1-0"]
[WhiteElo "2120"]
[BlackElo "2043"]
[PlyCount "21"]
[EventDate "2009.09.05"]

1. e4 c6 2. d4 d5 3. f3 dxe4 4. fxe4 e5 5. Nf3 exd4 6. Bc4 Bb4+ 7. c3 dxc3 8.
Bxf7+ Kxf7 9. Qxd8 cxb2+ 10. Ke2 bxa1=Q 11. Ng5+ 1-0

[Event "First Saturday 2009 september FM-A"]
[Site "Budapest"]
[Date "2009.09.06"]
[Round "2"]
[White "Lakat, Gyula"]
[Black "Horvath, Kalman"]
[Result "1/2-1/2"]
[WhiteElo "1975"]
[BlackElo "2133"]
[PlyCount "30"]
[EventDate "2009.09.05"]

1. Nf3 Nc6 2. g3 e5 3. d3 Bc5 4. Bg2 d6 5. Be3 Bxe3 6. fxe3 Nh6 7. Qd2 f5 8.
Nc3 Nf7 9. O-O-O Rb8 10. e4 fxe4 11. Nxe4 O-O 12. Kb1 d5 13. Nc5 Qe7 14. Nb3
Be6 15. h4 h6 1/2-1/2

[Event "First Saturday 2009 september FM-A"]
[Site "Budapest"]
[Date "2009.09.06"]
[Round "2"]
[White "Hocevar, Nikola"]
[Black "Borda, Lajos"]
[Result "1/2-1/2"]
[WhiteElo "2114"]
[BlackElo "2082"]
[PlyCount "32"]
[EventDate "2009.09.05"]

1. d4 b5 2. e3 a6 3. Nf3 Bb7 4. Bd3 Nf6 5. Nbd2 e6 6. O-O c5 7. c3 d5 8. Ne5
Nc6 9. f4 Be7 10. Qf3 Qc7 11. Qg3 g6 12. Qh3 cxd4 13. exd4 b4 14. Re1 Rc8 15.
Nxc6 Qxc6 16. cxb4 Bxb4 1/2-1/2

[Event "First Saturday 2009 september FM-A"]
[Site "Budapest"]
[Date "2009.09.07"]
[Round "3"]
[White "Borda, Lajos"]
[Black "Letay, Gyula"]
[Result "1/2-1/2"]
[WhiteElo "2082"]
[BlackElo "2125"]
[PlyCount "65"]
[EventDate "2009.09.05"]

1. e4 e5 2. Bc4 Nf6 3. Qe2 Be7 4. d4 d6 5. d5 c6 6. Nc3 O-O 7. h3 b5 8. Bd3 b4
9. Nd1 cxd5 10. exd5 Qa5 11. c4 bxc3 12. Nxc3 Ba6 13. Bd2 Bxd3 14. Qxd3 Qb6 15.
Nge2 Nbd7 16. O-O Nc5 17. Qc2 Qb7 18. b4 Qxb4 19. Ng3 Qb7 20. Rab1 Qd7 21. Rb4
Rfc8 22. Nf5 e4 23. Ng3 Bd8 24. Rc4 Bb6 25. Bg5 Ne8 26. Ncxe4 Nxe4 27. Qxe4
Rxc4 28. Qxc4 h6 29. Be3 Rc8 30. Qb3 Bxe3 31. fxe3 Qc7 32. Nf5 Kf8 33. Kh1
1/2-1/2

[Event "First Saturday 2009 september FM-A"]
[Site "Budapest"]
[Date "2009.09.07"]
[Round "3"]
[White "Horvath, Kalman"]
[Black "Hocevar, Nikola"]
[Result "0-1"]
[WhiteElo "2133"]
[BlackElo "2114"]
[PlyCount "72"]
[EventDate "2009.09.05"]

1. d4 d5 2. Nc3 Nf6 3. Bg5 c6 4. Qd3 Nbd7 5. e4 dxe4 6. Nxe4 e6 7. Nf3 Be7 8.
Ng3 Nd5 9. Bd2 Qc7 10. c4 Nf4 11. Qe4 Ng6 12. h4 Nf6 13. Qc2 Bd6 14. h5 Ne7 15.
Ne2 c5 16. dxc5 Qxc5 17. b4 Qf5 18. Qxf5 Nxf5 19. c5 Bc7 20. Nc3 a6 21. Bd3 Bd7
22. O-O-O Bc6 23. Bxf5 exf5 24. h6 g6 25. Bg5 Ne4 26. Nxe4 Bxe4 27. Nd4 Bd8 28.
Bxd8 Rxd8 29. Rhe1 O-O 30. f3 Bc6 31. Kb2 Bd7 32. Ne2 Rfe8 33. Nf4 Rxe1 34.
Rxe1 Re8 35. Nd3 f6 36. Rxe8+ Bxe8 0-1

[Event "First Saturday 2009 september FM-A"]
[Site "Budapest"]
[Date "2009.09.07"]
[Round "3"]
[White "Havaskori, Laszlo"]
[Black "Lakat, Gyula"]
[Result "1-0"]
[WhiteElo "2043"]
[BlackElo "1975"]
[PlyCount "99"]
[EventDate "2009.09.05"]

1. e4 c5 2. Nc3 d6 3. f4 a6 4. a4 b6 5. Nf3 Bb7 6. d3 g6 7. Be2 Bg7 8. O-O Nc6
9. Qe1 Nd4 10. Bd1 b5 11. Nd5 e6 12. Ne3 Ne7 13. c3 Nxf3+ 14. Bxf3 O-O 15. Qg3
f5 16. Qh3 Qd7 17. g4 fxe4 18. dxe4 b4 19. Nc4 Rae8 20. Rd1 Nc8 21. e5 Bxf3 22.
Qxf3 d5 23. Qe2 Qa7 24. Ne3 c4 25. Kg2 a5 26. Nc2 Rf7 27. Nd4 Qd7 28. f5 gxf5
29. gxf5 Rxf5 30. Nxf5 exf5 31. Bf4 Qe6 32. Qf3 Ne7 33. Bg3 Kh8 34. cxb4 axb4
35. a5 Rg8 36. Kh1 Ra8 37. Bh4 Ng6 38. Bf6 Nxe5 39. Bxg7+ Kxg7 40. Qxd5 Qxd5+
41. Rxd5 Nd3 42. Rxf5 Nxb2 43. Rg1+ Kh8 44. Rb5 Nd3 45. a6 h6 46. Rb6 Nf2+ 47.
Kg2 Ng4 48. Kh3 h5 49. Kh4 Rg8 50. a7 1-0

[Event "First Saturday 2009 september FM-A"]
[Site "Budapest"]
[Date "2009.09.07"]
[Round "3"]
[White "Heyl, Thomas"]
[Black "Schenkerik, Csaba"]
[Result "1/2-1/2"]
[WhiteElo "2046"]
[BlackElo "2120"]
[PlyCount "39"]
[EventDate "2009.09.05"]

1. d4 g6 2. Nf3 Bg7 3. e3 Nf6 4. b4 O-O 5. Bb2 d6 6. Be2 Nbd7 7. h3 c6 8. O-O
Qb6 9. c3 a5 10. Qb3 Ne4 11. Nbd2 Nxd2 12. Nxd2 Qc7 13. a4 Nb6 14. bxa5 Rxa5
15. c4 e5 16. Bc3 Ra8 17. Rfb1 Nd7 18. a5 Re8 19. d5 Nc5 20. Qb6 1/2-1/2

[Event "First Saturday 2009 september FM-A"]
[Site "Budapest"]
[Date "2009.09.07"]
[Round "3"]
[White "Zoltan, Andras"]
[Black "Yip, Michael"]
[Result "0-1"]
[WhiteElo "1966"]
[BlackElo "2026"]
[PlyCount "42"]
[EventDate "2009.09.05"]

1. e4 e5 2. Bc4 Nf6 3. d4 exd4 4. Nf3 Nc6 5. O-O Bc5 6. e5 d5 7. exf6 dxc4 8.
Re1+ Be6 9. Ng5 Qd5 10. Nc3 Qf5 11. Nce4 Bb6 12. Nxf7 O-O 13. Nfg5 Bd5 14. fxg7
Kxg7 15. g4 Qg6 16. h4 Kh8 17. h5 Qg7 18. Nh3 Rae8 19. Ng3 Rxe1+ 20. Qxe1 Qxg4
21. Nf4 Bf3 0-1

[Event "First Saturday 2009 september FM-A"]
[Site "Budapest"]
[Date "2009.09.08"]
[Round "4"]
[White "Letay, Gyula"]
[Black "Yip, Michael"]
[Result "1-0"]
[WhiteElo "2125"]
[BlackElo "2026"]
[PlyCount "95"]
[EventDate "2009.09.05"]

1. e4 e5 2. Nf3 Nc6 3. Bc4 Bc5 4. c3 Nf6 5. d3 d6 6. h3 a6 7. b4 Ba7 8. O-O O-O
9. a4 Ne7 10. Re1 Ng6 11. d4 c6 12. Bb3 Qc7 13. Ra2 h6 14. Rc2 Re8 15. Rce2 Nh5
16. Nh2 Nhf4 17. Bxf4 Nxf4 18. Re3 Qe7 19. Na3 b5 20. Nc2 g6 21. Rg3 Kh7 22. c4
Be6 23. d5 cxd5 24. cxd5 Bd7 25. a5 Rac8 26. Qd2 Rc7 27. Ne3 Rec8 28. Bd1 Bd4
29. Qa2 Bc3 30. Rf1 Bxb4 31. Bg4 Bc5 32. Nf3 Rf8 33. Bxd7 Rxd7 34. Kh2 Rc7 35.
Qa1 Rfc8 36. Rg4 f6 37. g3 Nh5 38. Nh4 Rg8 39. Qd1 g5 40. Nhf5 Qf7 41. h4 Ng7
42. hxg5 fxg5 43. Kg2 Nh5 44. Rh1 b4 45. Rh3 Bxe3 46. fxe3 b3 47. Qh1 Rc2+ 48.
Kf3 1-0

[Event "First Saturday 2009 september FM-A"]
[Site "Budapest"]
[Date "2009.09.08"]
[Round "4"]
[White "Schenkerik, Csaba"]
[Black "Zoltan, Andras"]
[Result "1/2-1/2"]
[WhiteElo "2120"]
[BlackElo "1966"]
[PlyCount "36"]
[EventDate "2009.09.05"]

1. e4 e5 2. Nf3 Nc6 3. Bb5 Nd4 4. Nxd4 exd4 5. d3 c6 6. Bc4 d5 7. exd5 cxd5 8.
Bb5+ Bd7 9. Bxd7+ Qxd7 10. O-O Be7 11. Nd2 Bf6 12. Nf3 Ne7 13. Bf4 O-O 14. Qd2
Rac8 15. Rfc1 Rfe8 16. Bg5 Bxg5 17. Qxg5 Nc6 18. Qd2 Qd6 1/2-1/2

[Event "First Saturday 2009 september FM-A"]
[Site "Budapest"]
[Date "2009.09.08"]
[Round "4"]
[White "Lakat, Gyula"]
[Black "Heyl, Thomas"]
[Result "0-1"]
[WhiteElo "1975"]
[BlackElo "2046"]
[PlyCount "92"]
[EventDate "2009.09.05"]

1. e4 c5 2. Nf3 e6 3. d4 cxd4 4. Nxd4 a6 5. c4 Nf6 6. Nc3 Bb4 7. Qd3 Qc7 8. f4
d5 9. e5 dxc4 10. Qxc4 Qxc4 11. Bxc4 Ne4 12. Nde2 b5 13. Bd3 Bb7 14. Be3 O-O
15. O-O Nxc3 16. Nxc3 f5 17. exf6 gxf6 18. Be4 Nc6 19. f5 Bxc3 20. bxc3 e5 21.
Rad1 Na5 22. Bxb7 Nxb7 23. Bb6 Rf7 24. Rf3 Re8 25. Rg3+ Kf8 26. Rgd3 Ree7 27.
Kf2 Rg7 28. h3 Ke8 29. Bd8 Ref7 30. Rd5 h5 31. h4 Rg4 32. g3 Rc4 33. Ba5 Ra4
34. Bb4 Rxa2+ 35. Kf3 Rc2 36. Ba5 Ra2 37. Bd8 Ra3 38. R1d3 Rb3 39. Bxf6 Rxf6
40. Rxe5+ Kf8 41. Kf4 b4 42. Kg5 Rf7 43. Rde3 Rxc3 44. Re8+ Kg7 45. Rxc3 bxc3
46. Rc8 Rxf5+ 0-1

[Event "First Saturday 2009 september FM-A"]
[Site "Budapest"]
[Date "2009.09.08"]
[Round "4"]
[White "Hocevar, Nikola"]
[Black "Havaskori, Laszlo"]
[Result "0-1"]
[WhiteElo "2114"]
[BlackElo "2043"]
[PlyCount "52"]
[EventDate "2009.09.05"]

1. d4 e6 2. Nf3 d5 3. e3 Nf6 4. Nbd2 c5 5. c3 Nc6 6. Bd3 Be7 7. O-O Qc7 8. e4
dxe4 9. Nxe4 cxd4 10. cxd4 Bd7 11. Qe2 Nd5 12. g3 O-O 13. a3 Rae8 14. Neg5 g6
15. Qe4 Kg7 16. Ne5 Nxe5 17. dxe5 Bc6 18. Qe2 Nb6 19. Bf4 Nd5 20. Bd2 Rd8 21.
Rac1 Rd7 22. Rc4 Qd8 23. Rg4 Nf4 24. gxf4 Rxd3 25. Be3 Qd5 26. f3 Rxe3 0-1

[Event "First Saturday 2009 september FM-A"]
[Site "Budapest"]
[Date "2009.09.08"]
[Round "4"]
[White "Borda, Lajos"]
[Black "Horvath, Kalman"]
[Result "1-0"]
[WhiteElo "2082"]
[BlackElo "2133"]
[PlyCount "99"]
[EventDate "2009.09.05"]

1. d4 e5 2. dxe5 Nc6 3. Nf3 Qe7 4. Nbd2 Nxe5 5. Nxe5 Qxe5 6. Nf3 Qa5+ 7. Bd2
Qb6 8. Bc3 Nf6 9. Bxf6 gxf6 10. Qc1 Bc5 11. e3 d5 12. a3 a5 13. Bd3 Be6 14. Rb1
O-O-O 15. b4 Bd6 16. c3 Rdg8 17. Kf1 Rg7 18. Qc2 h5 19. Qa4 Bd7 20. Qxa5 Qxa5
21. bxa5 c6 22. a6 bxa6 23. Bxa6+ Kd8 24. Bd3 Rhg8 25. Nh4 Rg4 26. Nf5 Bc7 27.
Nh6 Rxg2 28. Nxg8 Rxg8 29. Rg1 Bh3+ 30. Ke2 Re8 31. Kd2 Bg4 32. h4 Kd7 33. a4
Ra8 34. Rb4 Bd6 35. Rbxg4 hxg4 36. Rxg4 Ke7 37. h5 Rh8 38. Rh4 Rh6 39. c4 dxc4
40. Bxc4 f5 41. Kc2 Kf6 42. a5 Bc5 43. Bd3 Ba7 44. Rb4 Rxh5 45. Rb7 Bc5 46. Bc4
f4 47. Rxf7+ Kg6 48. Rxf4 Rh1 49. Bd3+ Kg5 50. Rc4 1-0

[Event "First Saturday 2009 september FM-A"]
[Site "Budapest"]
[Date "2009.09.09"]
[Round "5"]
[White "Havaskori, Laszlo"]
[Black "Borda, Lajos"]
[Result "1/2-1/2"]
[WhiteElo "2043"]
[BlackElo "2082"]
[PlyCount "34"]
[EventDate "2009.09.05"]

1. d4 Nf6 2. Nf3 d6 3. Nc3 c6 4. e4 Bg4 5. Be2 Nbd7 6. O-O e5 7. Re1 Be7 8. Be3
O-O 9. h3 Bh5 10. Nh2 Bg6 11. f3 b5 12. Bf1 b4 13. Na4 Qc7 14. c4 Nh5 15. Qd2
Ng3 16. Bf2 Nxf1 17. Nxf1 Nf6 1/2-1/2

[Event "First Saturday 2009 september FM-A"]
[Site "Budapest"]
[Date "2009.09.09"]
[Round "5"]
[White "Heyl, Thomas"]
[Black "Hocevar, Nikola"]
[Result "1-0"]
[WhiteElo "2046"]
[BlackElo "2114"]
[PlyCount "101"]
[EventDate "2009.09.05"]

1. d4 d5 2. Nf3 Nf6 3. e3 e6 4. Bd3 c5 5. O-O Nc6 6. b3 Bd6 7. Bb2 O-O 8. Nbd2
Qe7 9. Ne5 Bxe5 10. dxe5 Nd7 11. f4 Nb4 12. Be2 b6 13. Rf3 Bb7 14. Rh3 Rfd8 15.
a3 Nc6 16. Bd3 g6 17. Qg4 Nf8 18. Re1 Rac8 19. e4 Nd4 20. f5 exf5 21. exf5 Rc6
22. Bxd4 cxd4 23. Nf3 Bc8 24. Nxd4 Rc7 25. Qf4 f6 26. Rhe3 fxe5 27. Rxe5 Qf6
28. g4 g5 29. Qf2 Rf7 30. Qd2 h6 31. Ne6 Bxe6 32. fxe6 Re7 33. Bf5 d4 34. Qd3
Rd6 35. Qc4 h5 36. h3 Kg7 37. Rd5 Rxd5 38. Qxd5 hxg4 39. hxg4 Ng6 40. Bxg6 Kxg6
41. Kg2 Qf4 42. Qe4+ Qxe4+ 43. Rxe4 Kf6 44. Kf3 b5 45. Re2 a6 46. Re4 a5 47.
Re2 b4 48. axb4 axb4 49. Re4 Kg7 50. Re5 Kf6 51. Ke4 1-0

[Event "First Saturday 2009 september FM-A"]
[Site "Budapest"]
[Date "2009.09.09"]
[Round "5"]
[White "Zoltan, Andras"]
[Black "Lakat, Gyula"]
[Result "1/2-1/2"]
[WhiteElo "1966"]
[BlackElo "1975"]
[PlyCount "32"]
[EventDate "2009.09.05"]

1. e4 c5 2. Nf3 d6 3. Bb5+ Bd7 4. Bxd7+ Qxd7 5. O-O Nc6 6. c3 g6 7. Qe2 Bg7 8.
Rd1 e5 9. d3 Nge7 10. Be3 O-O 11. Na3 a6 12. Nc2 f5 13. exf5 Nxf5 14. d4 cxd4
15. cxd4 e4 16. Ng5 d5 1/2-1/2

[Event "First Saturday 2009 september FM-A"]
[Site "Budapest"]
[Date "2009.09.09"]
[Round "5"]
[White "Yip, Michael"]
[Black "Schenkerik, Csaba"]
[Result "0-1"]
[WhiteElo "2026"]
[BlackElo "2120"]
[PlyCount "92"]
[EventDate "2009.09.05"]

1. d4 Nf6 2. c4 g6 3. Nc3 d5 4. Nf3 Bg7 5. Qb3 dxc4 6. Qxc4 O-O 7. e4 Bg4 8.
Be2 Nfd7 9. Be3 Nb6 10. Qd3 Nc6 11. d5 Nb4 12. Qd2 Bxf3 13. gxf3 c6 14. a3 cxd5
15. Bxb6 axb6 16. Rd1 d4 17. Nb5 Nc6 18. Rg1 e5 19. Qg5 Rc8 20. Bd3 Qxg5 21.
Rxg5 Rfd8 22. Ke2 Rd7 23. Rgg1 Bh6 24. Rb1 Nd8 25. b3 Ne6 26. Bc4 Nf4+ 27. Kd1
d3 28. Rb2 Ne2 29. Re1 Rc5 30. Rexe2 dxe2+ 31. Kxe2 Kf8 32. a4 Bf4 33. h3 g5
34. Rc2 Rc6 35. Nc3 Rh6 36. Nd5 Rdd6 37. Bb5 Rxh3 38. Rc7 Rh1 39. Rxb7 h5 40.
Bc4 f6 41. b4 h4 42. a5 bxa5 43. bxa5 h3 44. Rh7 h2 45. Nxf4 exf4 46. Bd5 Ra6
0-1

[Event "First Saturday 2009 september FM-A"]
[Site "Budapest"]
[Date "2009.09.10"]
[Round "6"]
[White "Letay, Gyula"]
[Black "Schenkerik, Csaba"]
[Result "0-1"]
[WhiteElo "2125"]
[BlackElo "2120"]
[PlyCount "64"]
[EventDate "2009.09.05"]

1. e4 e6 2. d4 d5 3. Nc3 Nf6 4. Bg5 Be7 5. e5 Nfd7 6. h4 c5 7. Bxe7 Qxe7 8. Nb5
O-O 9. Nc7 cxd4 10. Qd2 f6 11. Nxa8 fxe5 12. a3 Nc6 13. Nf3 Nf6 14. Nxe5 Nxe5
15. Qb4 Qd8 16. Qxd4 Nc6 17. Qf4 e5 18. Qg5 h6 19. Qg6 Qa5+ 20. c3 Ne4 21. b4
Qd8 22. Bd3 Bf5 23. Qh5 Ng3 24. fxg3 Bxd3 25. Rd1 Bc4 26. Qg4 Qxa8 27. b5 Na5
28. Qe6+ Kh8 29. g4 b6 30. Kd2 d4 31. Qxe5 Qxg2+ 32. Kc1 Qa2 0-1

[Event "First Saturday 2009 september FM-A"]
[Site "Budapest"]
[Date "2009.09.10"]
[Round "6"]
[White "Lakat, Gyula"]
[Black "Yip, Michael"]
[Result "1-0"]
[WhiteElo "1975"]
[BlackElo "2026"]
[PlyCount "55"]
[EventDate "2009.09.05"]

1. e4 e5 2. Bc4 Nf6 3. d4 exd4 4. Nf3 Nc6 5. O-O Bc5 6. e5 d5 7. exf6 dxc4 8.
fxg7 Rg8 9. Bg5 Be7 10. Re1 Be6 11. Bxe7 Kxe7 12. Re4 Qd5 13. Nc3 Qf5 14. Nxd4
Nxd4 15. Qxd4 Rad8 16. Qxc4 Rxg7 17. Qxc7+ Rd7 18. Qf4 Qg6 19. g3 Qg4 20. Qxg4
Rxg4 21. Rae1 Kf6 22. f3 Rg5 23. Rxe6+ fxe6 24. Ne4+ Kf5 25. Nxg5 Kxg5 26. Rxe6
Rd1+ 27. Kf2 Rd2+ 28. Re2 1-0

[Event "First Saturday 2009 september FM-A"]
[Site "Budapest"]
[Date "2009.09.10"]
[Round "6"]
[White "Hocevar, Nikola"]
[Black "Zoltan, Andras"]
[Result "1-0"]
[WhiteElo "2114"]
[BlackElo "1966"]
[PlyCount "63"]
[EventDate "2009.09.05"]

1. d4 d5 2. Nf3 Nf6 3. e3 e6 4. Bd3 c5 5. c3 c4 6. Bc2 Bd6 7. Nbd2 Qc7 8. e4
dxe4 9. Nxe4 Nxe4 10. Bxe4 Bd7 11. Qe2 Na6 12. O-O Rc8 13. Re1 h6 14. Bd2 b5
15. b4 Kd8 16. Ne5 Bxe5 17. dxe5 Bc6 18. Rad1 Ke7 19. Bc2 Qb7 20. Qg4 g5 21. h4
gxh4 22. Bxh6 Rhg8 23. Bg5+ Ke8 24. Bh7 Rg7 25. Qh5 Bxg2 26. Be4 Rxg5 27. Qh8+
Ke7 28. Qf6+ Ke8 29. Bxb7 Rg6 30. Qxg6 fxg6 31. Bxc8 Nc7 32. Kxg2 1-0

[Event "First Saturday 2009 september FM-A"]
[Site "Budapest"]
[Date "2009.09.10"]
[Round "6"]
[White "Borda, Lajos"]
[Black "Heyl, Thomas"]
[Result "1/2-1/2"]
[WhiteElo "2082"]
[BlackElo "2046"]
[PlyCount "69"]
[EventDate "2009.09.05"]

1. e4 c5 2. c3 d5 3. exd5 Qxd5 4. d4 Nf6 5. Nf3 e6 6. Na3 cxd4 7. Nb5 Na6 8.
Qa4 Bd7 9. Qxd4 Bc5 10. Qxd5 Nxd5 11. Ne5 Bc8 12. b4 Be7 13. a3 Nac7 14. Bb2
O-O 15. Nxc7 Nxc7 16. Be2 f6 17. Ng4 Nd5 18. Rd1 h5 19. Ne3 Nxe3 20. fxe3 g6
21. Bf3 Rb8 22. Kf2 Kf7 23. Rd2 Rd8 24. Rhd1 Rxd2+ 25. Rxd2 e5 26. Bd5+ Be6 27.
c4 e4 28. Bxe4 Bxc4 29. Rd7 Ba6 30. Bxg6+ Kxg6 31. Rxe7 Rc8 32. Bd4 Rc2+ 33.
Kg3 Ra2 34. Bxa7 Rxa3 35. Bd4 1/2-1/2

[Event "First Saturday 2009 september FM-A"]
[Site "Budapest"]
[Date "2009.09.10"]
[Round "6"]
[White "Horvath, Kalman"]
[Black "Havaskori, Laszlo"]
[Result "0-1"]
[WhiteElo "2133"]
[BlackElo "2043"]
[PlyCount "26"]
[EventDate "2009.09.05"]

1. e4 e6 2. d4 d5 3. Nc3 Nf6 4. Bg5 Be7 5. Bxf6 Bxf6 6. Nf3 c5 7. Bb5+ Nc6 8.
exd5 exd5 9. Qe2+ Be6 10. O-O-O O-O 11. Nxd5 Nxd4 12. Nxf6+ Qxf6 13. Nxd4 cxd4
0-1

[Event "First Saturday 2009 september FM-A"]
[Site "Budapest"]
[Date "2009.09.11"]
[Round "7"]
[White "Havaskori, Laszlo"]
[Black "Letay, Gyula"]
[Result "0-1"]
[WhiteElo "2043"]
[BlackElo "2125"]
[PlyCount "54"]
[EventDate "2009.09.05"]

1. e4 e5 2. Nf3 Nc6 3. Bc4 Bc5 4. d3 d6 5. c3 Nf6 6. O-O a6 7. b4 Ba7 8. Qb3
O-O 9. Bg5 Qe7 10. Nbd2 Nd8 11. d4 b5 12. Bd3 Ne6 13. d5 Nxg5 14. Nxg5 Nh5 15.
Ngf3 g5 16. g3 Kh8 17. Rfc1 f5 18. Nf1 fxe4 19. Bxe4 g4 20. Nh4 Rxf2 21. Kh1
Bd7 22. Qd1 Raf8 23. Qd3 Nf4 24. gxf4 Qxh4 25. fxe5 dxe5 26. Qg3 Qf6 27. Re1
Rxf1+ 0-1

[Event "First Saturday 2009 september FM-A"]
[Site "Budapest"]
[Date "2009.09.11"]
[Round "7"]
[White "Heyl, Thomas"]
[Black "Horvath, Kalman"]
[Result "1-0"]
[WhiteElo "2046"]
[BlackElo "2133"]
[PlyCount "93"]
[EventDate "2009.09.05"]

1. d4 c5 2. e3 Qa5+ 3. Nd2 Nh6 4. Ngf3 f5 5. Bd3 g6 6. O-O Nf7 7. Nb3 Qd8 8.
Nxc5 d6 9. Nb3 a5 10. a4 Na6 11. c3 Bg7 12. Bb5+ Kf8 13. Bd3 e5 14. e4 f4 15.
Bc4 g5 16. Bxf7 Kxf7 17. dxe5 g4 18. e6+ Bxe6 19. Nfd4 Qg5 20. Nxe6 Kxe6 21.
Nd4+ Kd7 22. g3 Be5 23. Qb3 Qf6 24. Qxb7+ Nc7 25. Qc6+ Kd8 26. Bxf4 Bxf4 27.
gxf4 Rf8 28. e5 dxe5 29. Qxf6+ Rxf6 30. fxe5 Rb6 31. b4 Nd5 32. bxa5 Rxa5 33.
Nb5 Rc6 34. Rfd1 Rc5 35. c4 Rxc4 36. Rxd5+ Ke7 37. Nd6 Rcxa4 38. Rxa4 Rxa4 39.
Rd4 Ra1+ 40. Kg2 h5 41. h3 Ke6 42. Nc4 Kf5 43. hxg4+ hxg4 44. Rd6 Rc1 45. Rc6
Re1 46. e6 Kf6 47. Ne3 1-0

[Event "First Saturday 2009 september FM-A"]
[Site "Budapest"]
[Date "2009.09.11"]
[Round "7"]
[White "Zoltan, Andras"]
[Black "Borda, Lajos"]
[Result "1/2-1/2"]
[WhiteElo "1966"]
[BlackElo "2082"]
[PlyCount "53"]
[EventDate "2009.09.05"]

1. e4 c5 2. Nf3 a6 3. c3 d5 4. exd5 Qxd5 5. d4 e6 6. Be2 Nf6 7. O-O Bd6 8. c4
Qc6 9. Nc3 Nbd7 10. Re1 O-O 11. a3 b6 12. Ne5 Qc7 13. Bf3 Bb7 14. Nxd7 Nxd7 15.
Bxb7 Qxb7 16. Ne4 Be7 17. Qf3 Kh8 18. d5 exd5 19. Nc3 Bf6 20. Qxd5 Qxd5 21.
Nxd5 Bd4 22. Rb1 b5 23. cxb5 axb5 24. Nc7 Rab8 25. Be3 Rb7 26. Bxd4 Rxc7 27.
Be5 1/2-1/2